[Event "?"]
[Site "?"]
[Date "2005.04.10"]
[Round "2"]
[White "Weinwurm, Wolfgang Dr"]
[Black "Höschele, Hans-Ulrich"]
[Result "0-1"]
[Annotator "ChessOrg"]
[WhiteElo "2122"]
[BlackElo "2195"]
[PlyCount "68"]
[EventDate "2005.04.10"]

1. e4 e5 2. f4 exf4 3. Nf3 h6 4. Bc4 d6 5. b3 c6 6. Nc3 g5 7. Bb2 Bg7 8. O-O
Ne7 9. d4 O-O 10. h4 Ng6 11. h5 Ne7 12. Qd2 d5 13. Be2 Re8 14. Rae1 dxe4 15.
Nxe4 Nd5 16. Bd3 Be6 17. g3 fxg3 18. Nxg3 Nf4 19. Bf5 Nd7 20. Bxe6 Rxe6 21. Nf5
Bf8 22. c4 Rxe1 23. Nxe1 Qf6 24. Ng3 Qe6 25. Ng2 Bd6 26. Nxf4 gxf4 27. Rxf4
Bxf4 28. Qxf4 Re8 29. Kg2 Qe3 30. Qg4+ Qg5 31. Qxd7 Re2+ 32. Kh3 Rxb2 33. Qxb7
Qf6 34. Qxa7 Qe6+ 0-1

[Event "?"]
[Site "?"]
[Date "2005.04.10"]
[Round "2"]
[White "Wahl, Frithjof"]
[Black "Aigner, Georg"]
[Result "1-0"]
[Annotator "ChessOrg"]
[WhiteElo "2166"]
[BlackElo "2056"]
[PlyCount "75"]
[EventDate "2005.04.10"]

1. e4 e5 2. Nf3 Nc6 3. Bb5 a6 4. Ba4 Nf6 5. d3 d6 6. h3 Be7 7. O-O b5 8. Bb3
Na5 9. c3 Nxb3 10. Qxb3 O-O 11. a4 Be6 12. Qc2 c6 13. d4 Qc7 14. Re1 c5 15. d5
Bd7 16. axb5 axb5 17. Rxa8 Rxa8 18. Nbd2 Ra2 19. Nf1 Qa7 20. g4 Ne8 21. Ng3 Nc7
22. Qd2 Qa4 23. Nxe5 Be8 24. Nf3 f6 25. e5 fxe5 26. Nxe5 Bf8 27. Nd3 Bf7 28.
Nf4 Qb3 29. Nf5 Nxd5 30. Nxd5 Qxd5 31. Qe2 Qb7 32. Bf4 d5 33. Nd6 Bxd6 34. Bxd6
c4 35. Qf3 Qa8 36. Re7 Bg6 37. Rb7 Ra1+ 38. Kh2 1-0

[Event "?"]
[Site "?"]
[Date "2005.04.10"]
[Round "2"]
[White "Opitz, Christian"]
[Black "Muscolino, Attilio"]
[Result "1-0"]
[Annotator "ChessOrg"]
[WhiteElo "1834"]
[BlackElo "2122"]
[PlyCount "65"]
[EventDate "2005.04.10"]

1. e4 c5 2. Nf3 e6 3. d4 cxd4 4. Nxd4 Nf6 5. Bd3 d6 6. c4 a6 7. Nc3 Qc7 8. O-O
Bd7 9. Be3 e5 10. Nb3 Nc6 11. Rc1 Qd8 12. Nd5 Nxd5 13. cxd5 Ne7 14. Qd2 Ng6 15.
Qa5 Qxa5 16. Nxa5 Be7 17. Nxb7 O-O 18. Na5 Bb5 19. Rc3 h6 20. Rfc1 Rfe8 21. g3
Bf8 22. Bxb5 axb5 23. b4 f5 24. f3 Kh7 25. Rc7 fxe4 26. fxe4 Ne7 27. Rb7 Ng8
28. Kg2 Nf6 29. Kf3 Reb8 30. Rcc7 Rxb7 31. Rxb7 Ng8 32. Rxb5 Be7 33. Rb7 1-0

[Event "?"]
[Site "?"]
[Date "2005.04.10"]
[Round "2"]
[White "Meineke, Lars"]
[Black "Borries, Barbara"]
[Result "1-0"]
[Annotator "ChessOrg"]
[WhiteElo "1868"]
[BlackElo "1975"]
[PlyCount "98"]
[EventDate "2005.??.??"]

1. Nf3 d5 2. b3 Nf6 3. Bb2 e6 4. e3 Be7 5. c4 c6 6. Nc3 O-O 7. Rc1 Nbd7 8. d4
Bb4 9. Bd3 Re8 10. O-O h6 11. Qc2 dxc4 12. bxc4 Bd6 13. Rfd1 Qe7 14. e4 e5 15.
d5 cxd5 16. cxd5 a6 17. Nd2 Nc5 18. Nc4 Nxd3 19. Qxd3 b5 20. Nxd6 Qxd6 21. Nb1
Bd7 22. Nd2 Qb6 23. Nf3 Bg4 24. Rc6 Qa5 25. Qc2 Bxf3 26. gxf3 Nd7 27. Rc1 Nb6
28. Bc3 b4 29. Bxb4 Qxb4 30. Rb1 Qa3 31. Rb3 Qe7 32. Rbxb6 Qg5+ 33. Kh1 Qf4 34.
Qc3 a5 35. Rb7 Rab8 36. Rcc7 Rxb7 37. Rxb7 Rd8 38. Re7 Rb8 39. Rxe5 Rb1+ 40.
Kg2 Rc1 41. Re8+ Kh7 42. Qe3 Qc7 43. Re7 Qc4 44. f4 Qf1+ 45. Kg3 Qg1+ 46. Kh3
Qf1+ 47. Kh4 Rc2 48. Rxf7 Qxf2+ 49. Qxf2 Rxf2 1-0

[Event "?"]
[Site "?"]
[Date "2005.04.10"]
[Round "2"]
[White "Hoener, Michael"]
[Black "Thonig, Manfred"]
[Result "0-1"]
[Annotator "ChessOrg"]
[WhiteElo "1435"]
[BlackElo "1904"]
[PlyCount "54"]
[EventDate "2005.??.??"]

1. c4 f5 2. Nf3 Nf6 3. Nc3 e6 4. g3 b6 5. Bg2 Bb7 6. O-O Be7 7. d4 Ne4 8. Nxe4
fxe4 9. Ne5 O-O 10. b3 d6 11. Ng4 d5 12. Qc2 Nd7 13. Bd2 c5 14. Bc3 Rf5 15. e3
Qc7 16. Qe2 Bd6 17. f4 exf3 18. Rxf3 Rxf3 19. Bxf3 Rf8 20. Rf1 h5 21. Nf2 Bxg3
22. hxg3 Qxg3+ 23. Bg2 dxc4 24. Nh1 Rxf1+ 25. Kxf1 Bxg2+ 26. Qxg2 Qxe3 27. Qg6
Nf8 0-1

[Event "?"]
[Site "?"]
[Date "2005.04.10"]
[Round "2"]
[White "Gerhards, Walter"]
[Black "Auf'm Wasser, Günter"]
[Result "1-0"]
[Annotator "ChessOrg"]
[WhiteElo "1999"]
[BlackElo "1875"]
[PlyCount "46"]
[EventDate "2005.??.??"]

1. e4 c5 2. c3 a6 3. d4 d5 4. dxc5 e6 5. Be3 Nf6 6. exd5 Nxd5 7. Bd4 Nc6 8. Nf3
Nxd4 9. cxd4 b5 10. Be2 g6 11. O-O Bg7 12. Nc3 Nxc3 13. bxc3 Bb7 14. a4 bxa4
15. Qxa4+ Qd7 16. Rfb1 Bc6 17. Qa5 O-O 18. Rb6 Qd5 19. Bxa6 Bf6 20. Qa2 Qd7 21.
Qe2 Bb7 22. Rxb7 Qxb7 23. Bxb7 Rxa1+ 1-0

[Event "?"]
[Site "?"]
[Date "2005.04.10"]
[Round "2"]
[White "Klein, Reinhard"]
[Black "Otto, Matthias"]
[Result "0-1"]
[Annotator "ChessOrg"]
[WhiteElo "1926"]
[BlackElo "1746"]
[PlyCount "38"]
[EventDate "2005.??.??"]

1. d4 Nf6 2. c4 e5 3. dxe5 Ng4 4. Bf4 Nc6 5. Nf3 Bb4+ 6. Nc3 Qe7 7. Rc1 Ngxe5
8. Nxe5 Nxe5 9. a3 Bd6 10. Nd5 Qe6 11. Qd4 c5 12. Qc3 O-O 13. g3 Re8 14. Rc2
Rb8 15. h4 b5 16. Ne3 b4 17. axb4 cxb4 18. Qd4 b3 19. Bh3 bxc2 0-1

[Event "?"]
[Site "?"]
[Date "2005.04.11"]
[Round "3"]
[White "Höschele, Hans-Ulrich"]
[Black "Wahl, Frithjof"]
[Result "1/2-1/2"]
[Annotator "ChessOrg"]
[WhiteElo "2195"]
[BlackElo "2166"]
[PlyCount "54"]
[EventDate "2005.??.??"]

1. Nf3 g6 2. c4 Bg7 3. Nc3 d6 4. d4 c6 5. e3 Nf6 6. Be2 O-O 7. O-O Nbd7 8. Qc2
e5 9. Rd1 Qe7 10. e4 Re8 11. d5 c5 12. a3 a6 13. b4 b6 14. Rb1 Qd8 15. Bg5 Qc7
16. Ne1 h6 17. Be3 Nf8 18. Qc1 Kh7 19. Nd3 Ng4 20. Bxg4 Bxg4 21. Rd2 Bd7 22.
bxc5 bxc5 23. Rdb2 Reb8 24. Rb3 Rxb3 25. Rxb3 Rb8 26. Qb2 Rxb3 27. Qxb3 Bf6
1/2-1/2

[Event "?"]
[Site "?"]
[Date "2005.04.11"]
[Round "3"]
[White "Meineke, Lars"]
[Black "Opitz, Christian"]
[Result "1/2-1/2"]
[Annotator "ChessOrg"]
[WhiteElo "1868"]
[BlackElo "1834"]
[PlyCount "55"]
[EventDate "2005.??.??"]

1. Nf3 d5 2. b3 c5 3. e3 Nc6 4. Bb2 Bg4 5. Bb5 Nf6 6. O-O e6 7. Bxc6+ bxc6 8.
d3 Be7 9. Nbd2 O-O 10. h3 Bxf3 11. Nxf3 Nd7 12. Qe2 Bf6 13. Bxf6 Qxf6 14. Nh2
e5 15. f4 Rfe8 16. Rae1 Re7 17. f5 e4 18. Ng4 Qg5 19. f6 gxf6 20. dxe4 Rxe4 21.
Qf3 Kg7 22. Qf5 Qxf5 23. Rxf5 Rae8 24. Ref1 R8e6 25. Rh5 a5 26. Rff5 a4 27. Kf2
axb3 28. axb3 1/2-1/2

[Event "?"]
[Site "?"]
[Date "2005.04.11"]
[Round "3"]
[White "Thonig, Manfred"]
[Black "Durst, Uwe"]
[Result "0-1"]
[Annotator "ChessOrg"]
[WhiteElo "1904"]
[BlackElo "2105"]
[PlyCount "72"]
[EventDate "2005.??.??"]

1. f4 g6 2. b3 Bg7 3. Nc3 c5 4. Bb2 Nc6 5. Nf3 d5 6. e3 a6 7. Na4 Bxb2 8. Nxb2
Bg4 9. Be2 Nf6 10. O-O O-O 11. Ne5 Bxe2 12. Qxe2 Qd6 13. d4 e6 14. Rad1 Ne4 15.
Qe1 cxd4 16. exd4 f6 17. Ng4 Nb4 18. c4 Nxa2 19. c5 Qe7 20. Rd3 a5 21. Nh6+ Kh8
22. Rh3 Nb4 23. Qe2 Nc6 24. Qe3 f5 25. Kh1 Qf6 26. Rd1 Rae8 27. Na4 g5 28. Nb6
Re7 29. g3 g4 30. Rh4 Qg7 31. Na4 Rf6 32. Nxg4 fxg4 33. Qe2 Rg6 34. Qe3 Rh6 35.
Rxh6 Qxh6 36. Nb2 Qg6 0-1

[Event "?"]
[Site "?"]
[Date "2005.04.11"]
[Round "3"]
[White "Muscolino, Attilio"]
[Black "Gerhards, Walter"]
[Result "1/2-1/2"]
[WhiteElo "2122"]
[BlackElo "1999"]
[PlyCount "50"]
[EventDate "2005.??.??"]

1. e4 e6 2. d4 d5 3. e5 c5 4. c3 Nc6 5. Nf3 Qb6 6. a3 c4 7. Nbd2 Bd7 8. Be2 f6
9. O-O fxe5 10. Nxe5 Nxe5 11. dxe5 Ne7 12. Bxc4 Nc6 13. Bd3 Nxe5 14. Qh5+ Nf7
15. Nf3 g6 16. Qh4 Qd8 17. Qd4 Qb6 18. Be3 Qxd4 19. Bxd4 Rg8 20. Rfe1 Bg7 21.
c4 Bxd4 22. Nxd4 e5 23. cxd5 O-O-O 24. Ne2 Rge8 25. Nc3 Nd6 1/2-1/2

[Event "?"]
[Site "?"]
[Date "2005.04.11"]
[Round "3"]
[White "Otto, Matthias"]
[Black "Weinwurm, Wolfgang Dr"]
[Result "1/2-1/2"]
[WhiteElo "1746"]
[BlackElo "2122"]
[PlyCount "68"]
[EventDate "2005.??.??"]

1. e4 e5 2. Nf3 Nc6 3. d4 exd4 4. Bc4 Nf6 5. e5 d5 6. Bb5 Ne4 7. O-O Bg4 8. h3
Bh5 9. g4 Bg6 10. Nxd4 Qd7 11. Bf4 Be7 12. Nd2 h5 13. Nxe4 Bxe4 14. f3 Bg6 15.
Kg2 a6 16. Ba4 b5 17. Bb3 Nxd4 18. Qxd4 Rd8 19. e6 Qxe6 20. Rfe1 Qf6 21. Qxf6
gxf6 22. Bxc7 Rd7 23. Bf4 O-O 24. Rad1 d4 25. Re2 Bc5 26. Bg3 hxg4 27. hxg4
Rfd8 28. Bh4 Kg7 29. f4 d3 30. cxd3 Bxd3 31. Ree1 Bb4 32. Re3 Bc5 33. Ree1 Bb4
34. Re3 Bc5 1/2-1/2

[Event "?"]
[Site "?"]
[Date "2005.04.11"]
[Round "3"]
[White "Aigner, Georg"]
[Black "Schweitzer, Paul"]
[Result "1-0"]
[WhiteElo "2056"]
[BlackElo "1500"]
[PlyCount "51"]
[EventDate "2005.??.??"]

1. e4 d6 2. d4 h5 3. Nf3 Nf6 4. Nc3 a6 5. Bg5 c6 6. Bd3 Qa5 7. h3 Nbd7 8. O-O
e5 9. Bd2 Qc7 10. Re1 Be7 11. Bc4 exd4 12. Nxd4 Ne5 13. Bb3 g6 14. f4 c5 15.
fxe5 dxe5 16. Nf3 c4 17. Ba4+ b5 18. Nxb5 axb5 19. Bxb5+ Kf8 20. a4 Bc5+ 21.
Kf1 Bd7 22. Bxd7 Nxd7 23. Be3 f6 24. Qd5 Rc8 25. Bxc5+ Nxc5 26. Qxc4 1-0

[Event "?"]
[Site "?"]
[Date "2005.04.11"]
[Round "3"]
[White "Borries, Barbara"]
[Black "Reinke, Kurt"]
[Result "0-1"]
[WhiteElo "1975"]
[BlackElo "2084"]
[PlyCount "30"]
[EventDate "2005.??.??"]

1. e4 c5 2. c3 Nf6 3. e5 Nd5 4. d4 cxd4 5. cxd4 Nc6 6. Bc4 Nb6 7. Bb5 a6 8.
Bxc6 bxc6 9. Nf3 e6 10. O-O Be7 11. Nc3 O-O 12. a3 a5 13. Re1 Rb8 14. Qd3 Ra8
15. Ng5 Bxg5 0-1

[Event "?"]
[Site "?"]
[Date "2005.04.11"]
[Round "3"]
[White "Mitzel, Robert"]
[Black "Hoener, Michael"]
[Result "1-0"]
[WhiteElo "1946"]
[BlackElo "1435"]
[PlyCount "49"]
[EventDate "2005.??.??"]

1. d4 d5 2. c4 c6 3. Nc3 Nf6 4. Nf3 e6 5. Bg5 Nbd7 6. e3 Be7 7. Qc2 O-O 8. Rc1
dxc4 9. Bxc4 Nb6 10. Bd3 Nbd5 11. a3 a5 12. Nxd5 Qxd5 13. Bxf6 Bxf6 14. Bxh7+
Kh8 15. Bd3 e5 16. dxe5 Bxe5 17. Nxe5 Qxe5 18. O-O Qg5 19. e4 g6 20. f4 Qh6 21.
Qc5 Kg7 22. f5 Rh8 23. Qe5+ Kf8 24. fxg6 Qe3+ 25. Kh1 1-0

[Event "?"]
[Site "?"]
[Date "2005.04.11"]
[Round "3"]
[White "Auf'm Wasser, Günter"]
[Black "Klein, Reinhard"]
[Result "1/2-1/2"]
[WhiteElo "1875"]
[BlackElo "1926"]
[PlyCount "41"]
[EventDate "2005.??.??"]

1. f4 g6 2. Nf3 Bg7 3. d4 d5 4. e3 Nh6 5. Be2 O-O 6. O-O c5 7. c3 Nd7 8. Qe1
Nf6 9. Ne5 Ne4 10. Nd2 Nxd2 11. Bxd2 f6 12. Nd3 c4 13. Nf2 Qb6 14. e4 Be6 15.
e5 fxe5 16. fxe5 Rf7 17. Bf3 Raf8 18. Qe2 Nf5 19. Bg4 Nh6 20. Bxe6 Qxe6 21. Nh3
1/2-1/2

[Event "?"]
[Site "?"]
[Date "2005.04.12"]
[Round "4"]
[White "Durst, Uwe"]
[Black "Höschele, Hans-Ulrich"]
[Result "1/2-1/2"]
[WhiteElo "2105"]
[BlackElo "2195"]
[PlyCount "83"]
[EventDate "2005.??.??"]

1. f4 c5 2. b3 Qc7 3. e3 Nc6 4. Nf3 d5 5. Bb5 Bd7 6. Bb2 a6 7. Bxc6 bxc6 8. O-O
f6 9. d3 Nh6 10. Qe1 e6 11. Nbd2 Bd6 12. c4 O-O 13. Rc1 a5 14. a4 Rab8 15. Rb1
Qa7 16. Ba3 Nf7 17. Qg3 e5 18. fxe5 Nxe5 19. Nxe5 Bxe5 20. Qf3 Bc3 21. Rfd1 Be6
22. Nf1 Rfe8 23. Ng3 Be5 24. Ne2 dxc4 25. dxc4 Qc7 26. g3 Bd6 27. Nc3 Bf7 28.
Ne4 Bf8 29. Nf2 Qe5 30. e4 Bh5 31. g4 Bg6 32. Re1 Bd6 33. h3 h5 34. Re2 hxg4
35. hxg4 Rbd8 36. Rbe1 Bf7 37. Bb2 Qg3+ 38. Qxg3 Bxg3 39. Kg2 Be5 40. Bxe5 Rxe5
41. Rd1 Rd4 42. Red2 1/2-1/2

[Event "?"]
[Site "?"]
[Date "2005.04.12"]
[Round "4"]
[White "Wahl, Frithjof"]
[Black "Opitz, Christian"]
[Result "1-0"]
[WhiteElo "2166"]
[BlackElo "1834"]
[PlyCount "51"]
[EventDate "2005.??.??"]

1. e4 e5 2. Nf3 Nc6 3. Bb5 a6 4. Ba4 Nf6 5. O-O Be7 6. Re1 b5 7. Bb3 d6 8. c3
O-O 9. h3 Na5 10. Bc2 c5 11. d4 Qc7 12. Nbd2 Bd7 13. Nf1 Rac8 14. d5 c4 15. Kh2
Nb7 16. g4 Nc5 17. Ng3 Bxg4 18. hxg4 Nxg4+ 19. Kg2 g6 20. Ng5 h5 21. f3 Nh6 22.
Rh1 Kg7 23. Be3 Qd8 24. Qd2 Rh8 25. Rag1 Qd7 26. Kf1 1-0

[Event "?"]
[Site "?"]
[Date "2005.04.12"]
[Round "4"]
[White "Aigner, Georg"]
[Black "Meineke, Lars"]
[Result "1-0"]
[WhiteElo "2056"]
[BlackElo "1868"]
[PlyCount "109"]
[EventDate "2005.??.??"]

1. e4 e6 2. d4 d5 3. Nd2 dxe4 4. Nxe4 Nd7 5. Nf3 Be7 6. Bd3 Ngf6 7. O-O O-O 8.
Re1 c5 9. c3 Nxe4 10. Bxe4 Nf6 11. Bc2 Qd5 12. Qe2 Rd8 13. dxc5 Qxc5 14. Be3
Qc7 15. Bd4 Bd7 16. Rad1 Qf4 17. Be3 Qg4 18. Rd4 Qh5 19. Rh4 Qa5 20. Bd4 g6 21.
Qd2 Nh5 22. Rxh5 Qxh5 23. Re5 f5 24. Qe3 Re8 25. Rxe6 Kf8 26. Qe5 Qh6 27. Rf6+
Bxf6 28. Qxf6+ Kg8 29. Bb3+ Be6 30. Bxe6+ Rxe6 31. Qxe6+ Kf8 32. Bc5+ Kg7 33.
Bd4+ Kf8 34. Qf6+ Ke8 35. Ng5 Qf8 36. Qe5+ Qe7 37. Ne6 Rc8 38. f4 b6 39. g3 h6
40. Be3 Kf7 41. Nd4 Qd7 42. Kf2 Re8 43. Qb5 Qe7 44. Qc4+ Kg7 45. Nc2 Rd8 46.
Bd4+ Kh7 47. Qe2 Qf7 48. Qe5 Re8 49. Qf6 Qd7 50. Ne3 Rg8 51. Nc4 Qe8 52. Ne5
Rf8 53. Qc6 g5 54. Qc7+ Kg8 55. Ng4 1-0

[Event "?"]
[Site "?"]
[Date "2005.04.12"]
[Round "4"]
[White "Reinke, Kurt"]
[Black "Muscolino, Attilio"]
[Result "1-0"]
[WhiteElo "2084"]
[BlackElo "2122"]
[PlyCount "42"]
[EventDate "2005.??.??"]

1. d4 g6 2. c4 Nf6 3. Nc3 Bg7 4. e4 O-O 5. e5 Ne8 6. Nf3 d6 7. Be2 Nc6 8. exd6
cxd6 9. Be3 Nc7 10. a3 d5 11. c5 Qd7 12. b4 a6 13. Na4 Rb8 14. Nb6 Qe8 15. Rc1
h6 16. Qd2 Kh7 17. Nh4 Bd7 18. Nf3 e5 19. dxe5 Nxe5 20. Nxe5 Bxe5 21. Bxh6 Rg8
1-0

[Event "?"]
[Site "?"]
[Date "2005.04.12"]
[Round "4"]
[White "Weinwurm, Wolfgang Dr"]
[Black "Thonig, Manfred"]
[Result "1-0"]
[WhiteElo "2122"]
[BlackElo "1904"]
[PlyCount "68"]
[EventDate "2005.??.??"]

1. e4 g6 2. d4 Bg7 3. Nc3 c6 4. Be2 d5 5. e5 e6 6. f4 Nh6 7. Be3 Nf5 8. Bf2 Nd7
9. Qd2 b5 10. Nf3 a5 11. a3 Ba6 12. Nd1 Bf8 13. g4 Ng7 14. Ne3 c5 15. c3 c4 16.
f5 gxf5 17. gxf5 exf5 18. Nh4 f4 19. Nef5 Nxf5 20. Nxf5 Qg5 21. Qc2 b4 22. Rg1
b3 23. Qb1 Qd8 24. Qc1 Qc7 25. Bh4 Qb6 26. Qxf4 h5 27. Qg5 f6 28. Bxh5+ Kd8 29.
exf6 Qe6+ 30. Kf2 Kc7 31. Rae1 Qb6 32. Ne7 Nxf6 33. Nxd5+ Nxd5 34. Qxd5 Qf6+
1-0

[Event "?"]
[Site "?"]
[Date "2005.04.12"]
[Round "4"]
[White "Auf'm Wasser, Günter"]
[Black "Borries, Barbara"]
[Result "1/2-1/2"]
[WhiteElo "1875"]
[BlackElo "1975"]
[PlyCount "46"]
[EventDate "2005.??.??"]

1. b3 d5 2. e3 Nf6 3. f4 Bg4 4. Nf3 Nbd7 5. Be2 e6 6. O-O Bxf3 7. Bxf3 Bc5 8.
Ba3 Qe7 9. Bxc5 Qxc5 10. d4 Qe7 11. Nd2 O-O 12. Qe1 c5 13. c3 cxd4 14. cxd4
Rac8 15. Rc1 Qa3 16. e4 dxe4 17. Bxe4 Nxe4 18. Rxc8 Rxc8 19. Qxe4 Qb4 20. Nf3
Nf6 21. Qb1 Nd5 22. g3 Ne3 23. Rc1 Rd8 1/2-1/2

[Event "?"]
[Site "?"]
[Date "2005.04.12"]
[Round "4"]
[White "Klein, Reinhard"]
[Black "Hoener, Michael"]
[Result "1-0"]
[WhiteElo "1926"]
[BlackElo "1435"]
[PlyCount "61"]
[EventDate "2005.??.??"]

1. g4 d5 2. Bg2 Bxg4 3. c4 c6 4. cxd5 cxd5 5. Qa4+ Bd7 6. Qb3 Bc6 7. Nf3 e6 8.
d3 Nf6 9. Bg5 Be7 10. Nbd2 Nbd7 11. Nd4 Rb8 12. Qd1 Qb6 13. N2f3 Qxb2 14. O-O
Qb6 15. Bf4 Rc8 16. Bh3 O-O 17. Be3 Qc7 18. Bxe6 Qd6 19. Bh3 Rcd8 20. Nf5 Qa3
21. Qc1 Bc5 22. Qxa3 Bxa3 23. Rab1 Bc5 24. d4 Bb6 25. Kh1 g6 26. Rg1 Ne4 27.
Ne7+ Kg7 28. Nh4 Rfe8 29. Nxc6 bxc6 30. Rg2 Re7 31. Nf5+ 1-0

[Event "?"]
[Site "?"]
[Date "2005.04.12"]
[Round "4"]
[White "Schweitzer, Paul"]
[Black "Otto, Matthias"]
[Result "0-1"]
[WhiteElo "1500"]
[BlackElo "1746"]
[PlyCount "84"]
[EventDate "2005.??.??"]

1. g3 Nf6 2. Bg2 e6 3. Nf3 c5 4. c4 g6 5. Nc3 Bg7 6. O-O O-O 7. d3 Nc6 8. a3 a6
9. Rb1 d5 10. cxd5 exd5 11. Bg5 h6 12. Bd2 Be6 13. Qc1 Kh7 14. h4 Qd7 15. e4
Nd4 16. Nxd4 cxd4 17. Ne2 Rac8 18. Qe1 dxe4 19. dxe4 Bh3 20. f3 Rc2 21. Rf2
Bxg2 22. Kxg2 Rfc8 23. Qd1 Ne8 24. Nf4 Qb5 25. b4 Qc4 26. h5 g5 27. Nd5 Rc6 28.
Ne7 Rc7 29. Nf5 Bf6 30. f4 d3 31. e5 Qe4+ 32. Qf3 Qxf5 33. exf6 g4 34. Qe3 Nxf6
35. Re1 R7c4 36. Qe7 Qd5+ 37. Kg1 Ne4 38. Rxe4 Rxe4 39. Qf6 Re2 40. Rxe2 dxe2
41. Be1 Rc1 42. Qe7 Rxe1+ 0-1

[Event "?"]
[Site "?"]
[Date "2005.04.13"]
[Round "5"]
[White "Wahl, Frithjof"]
[Black "Durst, Uwe"]
[Result "0-1"]
[WhiteElo "2166"]
[BlackElo "2105"]
[PlyCount "56"]
[EventDate "2005.??.??"]

1. e4 d6 2. d4 Nf6 3. Nc3 g6 4. f3 c6 5. Be3 b5 6. Qd2 a5 7. a3 Bb7 8. Nh3 Qc7
9. Be2 Nbd7 10. O-O Bg7 11. Rad1 O-O 12. Bh6 Rfd8 13. Bxg7 Kxg7 14. f4 b4 15.
axb4 axb4 16. Nb1 Nxe4 17. Qxb4 Ndf6 18. c4 c5 19. dxc5 dxc5 20. Qb3 Bc6 21.
Rxd8 Rxd8 22. Rd1 Rb8 23. Qe3 Rxb2 24. Ng5 Qb7 25. Nxe4 Bxe4 26. Nc3 Bxg2 27.
Nd5 Nxd5 ({-2.41 Fritz 7:} 27... Bxd5 28. cxd5 Nxd5 29. Qxc5 Nxf4 30. Qd4+ f6
31. Qxf4 Rxe2 32. Qg3 Qe4 33. Rf1 f5 {-3.56/18}) 28. cxd5 Bxd5 0-1

[Event "?"]
[Site "?"]
[Date "2005.04.13"]
[Round "5"]
[White "Höschele, Hans-Ulrich"]
[Black "Aigner, Georg"]
[Result "1-0"]
[WhiteElo "2195"]
[BlackElo "2056"]
[PlyCount "65"]
[EventDate "2005.??.??"]

1. d4 d5 2. Nf3 Nf6 3. e3 Bg4 4. Be2 e6 5. h3 Bh5 6. Nbd2 Nbd7 7. c4 c6 8. b3
Bb4 9. a3 Ba5 10. O-O Ne4 11. Nxe4 dxe4 12. Nd2 Bxe2 13. Qxe2 f5 14. Rd1 Qe7
15. Bb2 Bc7 16. a4 O-O 17. f4 Rad8 18. Ba3 Bd6 19. Bxd6 Qxd6 20. c5 Qe7 21. b4
Nf6 22. Rdc1 Nd5 23. Rab1 g5 24. fxg5 Qxg5 25. Nf1 Rf7 26. Rc2 Rg7 27. Kh2 Qf6
28. b5 e5 29. dxe5 Qxe5+ 30. g3 Rf7 31. Qh5 Rg7 32. Re1 cxb5 33. Rf2 1-0

[Event "?"]
[Site "?"]
[Date "2005.04.13"]
[Round "5"]
[White "Opitz, Christian"]
[Black "Weinwurm, Wolfgang Dr"]
[Result "0-1"]
[WhiteElo "1834"]
[BlackElo "2122"]
[PlyCount "44"]
[EventDate "2005.??.??"]

1. e4 e5 2. Nf3 Nc6 3. Bc4 Nf6 4. d3 Bc5 5. Nc3 d6 6. Bg5 h6 7. Bxf6 Qxf6 8.
Nd5 Qd8 9. c3 a6 10. h3 Ba7 11. b4 Ne7 12. O-O Ng6 13. d4 O-O 14. Qd2 c6 15.
Ne3 Qf6 16. dxe5 dxe5 17. Ng4 Bxg4 18. hxg4 Nf4 19. Kh2 b5 20. Bb3 Rad8 21. Qc2
Rd3 22. Rad1 Rxf3 0-1

[Event "?"]
[Site "?"]
[Date "2005.04.13"]
[Round "5"]
[White "Otto, Matthias"]
[Black "Reinke, Kurt"]
[Result "1-0"]
[WhiteElo "1746"]
[BlackElo "2084"]
[PlyCount "91"]
[EventDate "2005.??.??"]

1. e4 c5 2. Nf3 d6 3. g3 Nc6 4. Bg2 Nf6 5. d3 g6 6. O-O Bg7 7. Nbd2 O-O 8. a4
Rb8 9. Nc4 Bg4 10. h3 Bc8 11. c3 d5 12. exd5 Nxd5 13. Ne3 Nf6 14. Qc2 Bd7 15.
Rd1 Qc8 16. h4 Re8 17. Rb1 Ng4 18. b4 cxb4 19. cxb4 Nd4 20. Nxd4 Bxd4 21. Qe2
Bxe3 22. fxe3 Bxa4 23. Rd2 Nf6 24. Bb2 Qe6 25. Ra1 b5 26. Rf1 Rbd8 27. Bd4 Rd7
28. Rc1 Nd5 29. Kh2 Nxb4 30. h5 Rxd4 31. exd4 Qxe2 32. Rxe2 Nxd3 33. Rc7 a6 34.
Bc6 Rf8 35. Rexe7 Bb3 36. h6 Nb4 37. Be4 a5 38. Red7 a4 39. Ra7 Na2 40. Bd3 b4
41. d5 Nc3 42. d6 Be6 43. Rdb7 b3 44. d7 Bd5 45. Rc7 Be4 46. Rxc3 1-0

[Event "?"]
[Site "?"]
[Date "2005.04.13"]
[Round "5"]
[White "Meineke, Lars"]
[Black "Gerhards, Walter"]
[Result "0-1"]
[WhiteElo "1868"]
[BlackElo "1999"]
[PlyCount "58"]
[EventDate "2005.??.??"]

1. Nf3 d5 2. b3 c5 3. Bb2 Nc6 4. e3 Bg4 5. Bb5 Nf6 6. h3 Bd7 7. O-O e6 8. d3
Be7 9. Nbd2 O-O 10. Bxc6 Bxc6 11. Ne5 Be8 12. f4 Nd7 13. Ndf3 Nxe5 14. Nxe5 f6
15. Nf3 Qb6 16. Qe2 Rd8 17. Rf2 Bd6 18. g4 Rf7 19. g5 fxg5 20. Nxg5 Re7 21.
Raf1 Bg6 22. Rg2 Rf8 23. Qg4 Bf5 24. Qh4 c4 25. d4 Qc7 26. Nf3 Ref7 27. Ne5
Bxe5 28. dxe5 Be4 29. Rd2 c3 0-1

[Event "?"]
[Site "?"]
[Date "2005.04.13"]
[Round "5"]
[White "Mitzel, Robert"]
[Black "Muscolino, Attilio"]
[Result "1/2-1/2"]
[WhiteElo "1946"]
[BlackElo "2122"]
[PlyCount "69"]
[EventDate "2005.??.??"]

1. d4 Nf6 2. c4 g6 3. Nc3 Bg7 4. e4 d6 5. f4 O-O 6. Be2 c5 7. d5 e6 8. Nf3 exd5
9. e5 dxe5 10. fxe5 Ng4 11. Bg5 Qd7 12. cxd5 Nxe5 13. Nxe5 Bxe5 14. O-O b6 15.
Bb5 Qg4 16. Qxg4 Bxg4 17. Be7 Rc8 18. Rae1 Bd4+ 19. Kh1 a6 20. Bd3 Re8 21. Na4
Ra7 22. d6 b5 23. Nxc5 Bxc5 24. d7 Rxd7 25. Bxc5 Be6 26. Bb1 Rd2 27. b3 Rc8 28.
Be3 Rd7 29. Bg5 Nc6 30. Bf6 Ne7 31. Be4 Nf5 32. Bxf5 Bxf5 33. Rd1 Rc6 34. Rxd7
Bxd7 35. h4 1/2-1/2

[Event "?"]
[Site "?"]
[Date "2005.04.13"]
[Round "5"]
[White "Thonig, Manfred"]
[Black "Klein, Reinhard"]
[Result "0-1"]
[WhiteElo "1904"]
[BlackElo "1926"]
[PlyCount "100"]
[EventDate "2005.??.??"]

1. f4 g6 2. b3 Bg7 3. Nc3 d5 4. Bb2 c5 5. Nf3 b5 6. e3 b4 7. Na4 Bxb2 8. Nxb2
Bg4 9. Bb5+ Kf8 10. O-O Nf6 11. Qe1 Ne4 12. Ne5 Bf5 13. g4 Bc8 14. c3 f6 15.
Nf3 Bxg4 16. Qh4 Bxf3 17. Qh6+ Kf7 18. Rxf3 Nxd2 19. Rg3 bxc3 20. Nd3 Ne4 21.
Rg2 a6 22. Ba4 Nd7 23. Bc6 Nb6 24. Bxa8 Qxa8 25. Rf1 Nd7 26. f5 Qg8 27. fxg6+
hxg6 28. Qf4 Rh5 29. Qc7 Qe8 30. Nf4 Rf5 31. Qc6 Nf8 32. Qxa6 Qd7 33. Rc1 d4
34. Qc4+ Kg7 35. Qe2 e5 36. Nd3 Qd5 37. Rg4 Ng5 38. e4 Qc6 39. Rg3 Qxe4 40.
Qxe4 Nxe4 41. Rg4 Rf3 42. Nxe5 fxe5 43. Rxe4 Kf6 44. a4 Ne6 45. a5 Nc7 46. Ra1
Na6 47. Kg2 Rf5 48. Rh4 Kg7 49. Rh3 e4 50. Rg3 c2 0-1

[Event "?"]
[Site "?"]
[Date "2005.04.13"]
[Round "5"]
[White "Borries, Barbara"]
[Black "Schweitzer, Paul"]
[Result "1/2-1/2"]
[WhiteElo "1975"]
[BlackElo "1500"]
[PlyCount "111"]
[EventDate "2005.??.??"]

1. e4 d6 2. d4 c6 3. Nf3 g6 4. Be3 Bg7 5. Nc3 Nd7 6. Bd3 a6 7. O-O Ngf6 8. h3
Qa5 9. Ne2 e5 10. c3 O-O 11. b4 Qc7 12. Qd2 d5 13. Ng3 b5 14. dxe5 Nxe5 15.
Nxe5 Qxe5 16. f4 Qc7 17. e5 Nd7 18. Rae1 c5 19. a3 Bb7 20. Bb1 Rad8 21. Ba2
cxb4 22. cxb4 Nb6 23. Bxb6 Qxb6+ 24. Kh2 h5 25. Rc1 h4 26. Ne2 g5 27. Rc5 gxf4
28. Qxf4 Qe6 29. Qxh4 Bxe5+ 30. Kh1 Bd6 31. Rf6 Qe3 32. Qg4+ Kh7 33. Qh5+ Kg7
34. Rf5 f6 35. Qg4+ Kf7 36. Bxd5+ Bxd5 37. Rcxd5 Ke7 38. Qf3 Qxf3 39. Rxf3 Be5
40. Rxd8 Rxd8 41. Kg1 Rd1+ 42. Kf2 Rd2 43. g4 Ke6 44. Ke1 Ra2 45. Rd3 Rc2 46.
Kf2 Rc4 47. Kf3 Kf7 48. Rd7+ Ke6 49. Rd3 Kf7 50. Ng3 Rc1 51. Ne4 Rh1 52. Nf2
Rc1 53. Ne4 Rh1 54. Ke2 Ra1 55. Rd7+ Kg6 56. Rd3 1/2-1/2

[Event "?"]
[Site "?"]
[Date "2005.04.13"]
[Round "5"]
[White "Hoener, Michael"]
[Black "Auf'm Wasser, Günter"]
[Result "1/2-1/2"]
[WhiteElo "1435"]
[BlackElo "1875"]
[PlyCount "36"]
[EventDate "2005.??.??"]

1. c4 f5 2. Nc3 Nf6 3. Nf3 e6 4. d4 c6 5. e3 d5 6. Be2 Bd6 7. O-O O-O 8. Qc2
Nbd7 9. a3 a5 10. cxd5 exd5 11. Ng5 Nb6 12. Bd2 Ne4 13. Nf3 Nd7 14. Rac1 Ndf6
15. Ne5 Nxd2 16. Qxd2 Qe8 17. f4 Ne4 18. Qc2 Bxe5 1/2-1/2